000 00708nam a2200241 a 4500
001 BRCA_3704
005 20190320204405.0
008 090909s1959----fr-a---###---#000-0#fre-#
041 _afre
044 _afr
050 4 _aNK2547
_b.M48 8
_c1959
245 1 0 _aMeubles et ensembles
_bAnglais (Regency)
_cintroduction Yvonne Brunhammer.
260 _aParis
_bCh. Massin
_c[1959]
300 _a1 v. (sin paginación)
_bil., 36 láminas
_c29 cm.
440 0 _aMeubles et ensembles
_v8
_99630
500 _aIncluye lista de láminas
500 _aB341
650 1 4 _aMuebles Regencia
_99631
650 1 4 _aMuebles ingleses
_99632
700 1 _aBrunhammer, Yvonne
_eintrod
_99633
902 _aGFM
942 _2lcc
_cB
999 _c3434
_d3434